00473nam a22001577a 450000500170000000800410001702000140005804100130007208200150008510000300010024500520013025000190018226000570020130000320025865000250029020231102140914.0231102b |||||||| |||| 00| 0 eng d a409032905 aEnglish  a346.6 HEN  aMilne, A et al.lEnglish  aHenochsberg on Companies Act /cA Milne et al.  aThird Edition  aDurban : bButterworth and Company (Pty) Ltd, c1975 bxxi, 1149 pages ;c25,5 cm. aLegal practice bLaw